Пастири на нощта (Запис номер 118423)
[ съкратено ]
| 000 -Лидер | |
|---|---|
| Контролно поле с фиксирана дължина | nam a22 a 4500 |
| 003 - Код на организацията, давaща контролен номер | |
| Контролно поле | BLK |
| 005 - Дата и час на последна редакция | |
| Контролно поле | 20220628130022.0 |
| 008 - Елементи от данни с фиксирана дължина | |
| fixed length control field | 180409b bul|||||r ||||||| ||bul|| |
| 010 ## - Наследен системен номер | |
| LC control number | KNG00124025000 |
| 040 ## - Източник на каталожния запис | |
| Идентификатор на билиотеката - собственик на записа | BLK |
| 041 ## - Код за език | |
| Код за езика на текст/звукозапис или на отделно заглавие | Български |
| Код за езика КДБФ | Български |
| 080 ## - УДК | |
| Текстов определител УДК | Бразилска литература |
| УДК код - определител по УДК | 821.134.3(81) |
| УДК определител | -31 |
| УДК - код + определител | 821.134.3(81)-31 |
| 100 1# - Редна дума - Автор | |
| Автор | Амаду, Жоржи |
| Авторска отговорност | първи автор |
| R(LIN) | 31032 |
| 139 ## - Редно поле | |
| Редна дума | Амаду, Жоржи |
| Авторски знак | Ам - А 60 |
| 245 10 - Сведения за заглавието | |
| Заглавие | Пастири на нощта |
| Подзаглавни данни | Роман |
| Редно поле (дума) | Жоржи Амаду; прев. от португ. Тодор Петров Ценков. |
| 257 ## - Страна на издаване | |
| Страна на създаване/издаване | Бразилия |
| 260 ## - Област на издателските данни | |
| Място на издаване, разпространение и проч. | София |
| Име на издателя, разпространителя и проч. | Държ. изд. |
| Година на издаване | 1969 |
| 300 ## - Физическа характеристика | |
| Страници | 376 с. |
| Размери/Мащаб | 22 см |
| 380 ## - Жанр | |
| Жанр | Худож. лит. |
| 500 ## - Общи забележки | |
| Забележка | Ориг. загл. Los pastores da noite. |
| 700 1# - Други автори (авторска отговорност) | |
| Лично име | Ценков, Тодор Петров |
| Автороска отговорност (Описва отношението между автора и произведението) | прев. от португ. |
| 9 (RLIN) | 315626 |
| 852 ## - Местоположение | |
| Форматна сигнатура | Цб 52246 |
| 856 4# - Електронен адрес и достъп | |
| Електронен формат | pdf - файл |
| 856 4# - Електронен адрес и достъп | |
| Електронен формат | pdf - файл |
| 999 ## - СИСТЕМНИ КОНТРОЛНИ НОМЕРА | |
| Koha biblionumber | 118423 |
| Koha biblioitemnumber | 118423 |
| 942 ## - АРТИКУЛИ | |
| Вид на библиотечния материал | Книги |
| Скрит в OPAC | Не |
| Периодичен библиозапис | Да |
| 944 ## - СЪЗДАВАНЕ И РЕДАКЦИЯ на ЗАПИСА | |
| Създаване/Редакция | Създаване |
| Дата на регистрацията/редакция | 29.06.2011 |
| Статус, дата на статуса | 29.06.2011 - от С1,Р / 29.06.2011 |
| Служител, извършил регистрацията/редакцията | Виолета_Тройчева |
| 944 ## - СЪЗДАВАНЕ И РЕДАКЦИЯ на ЗАПИСА | |
| Създаване/Редакция | Редакция |
| Дата на регистрацията/редакция | 2022-06-28 |
| Служител, извършил регистрацията/редакцията | ир |
| 999 ## - СИСТЕМНИ КОНТРОЛНИ НОМЕРА | |
| Koha biblioitemnumber | 118423 |
| Код за отписване | Код за изгубен артикул | Източник на класификационната схема | Код за повреда | Коз за рестрикции | Код за отдаване | Артикулен № | Име на библиотеката - собственик | Име на библиотеката, в която се намира в момента | Статус (Текущо местоположение) | Дата на вписване в системата | Местоположение - отдел | Цена в лева | Инвентарен номер | Систематично азбучна сигнатура | Баркод | Номер на екземпляра | Цена в евро | Служебна бележка | Служебен тип на артикула | Бележка за публиката |
|---|---|---|---|---|---|---|---|---|---|---|---|---|---|---|---|---|---|---|---|---|
| Не е изгубен | Universal Decimal Classification | Не е повреден | само за читалня | ползва се в читалня | 190791 | Регионална библиотека "Любен Каравелов" Русе | Регионална библиотека "Любен Каравелов" Русе | Хранилище | 1969-01-01 | Хранилище | 1.69 | 65076 | Цб 52246 | 120000065076 | 1 | 0.86 | Дост: Dp Вид: Д N: стар фонд Дата: 01.01.1969 | Книги | ||
| Изтеглен | Не е изгубен | Не е повреден | без рестрикции | заемане за дома | 190792 | Регионална библиотека "Любен Каравелов" Русе | Регионална библиотека "Любен Каравелов" Русе | 1969-01-01 | Заемна - подръчен фонд | 1.69 | 67022 | П 869.0-31/А 60 | 67022 | 2 | 0.86 | Дост: Pk Вид: Ф N: стар фонд Дата: 01.01.1969 | Книги | Отч.N: 18/18 , Дата: 22.03.2018 | ||
| Изтеглен | Не е изгубен | Universal Decimal Classification | Не е повреден | без рестрикции | заемане за дома | 190793 | Регионална библиотека "Любен Каравелов" Русе | Регионална библиотека "Любен Каравелов" Русе | Заемна - подръчен фонд | 1969-01-01 | Заемна - подръчен фонд | 1.69 | 565651 | П 869.0-31/А 60 | 565651 | 3 | 0.86 | Дост: Pk Вид: Ф N: стар фонд Дата: 01.01.1969 | Книги |